000 00528nam a2200205Ia 4500
003 OSt
005 20230603111738.0
008 210423s2007 xx 000 0 und d
040 _cAL
041 _aeng
082 _a305.56
_223
_bARUC
100 _aARUN (C Joe)
_9119209
245 _aConstructing dalit identity
260 _aJaipur
_bRawat Publications
_c2007
365 _b695
_cINR
650 _aSocial Classes
_9119210
650 _aSociology
_9119211
906 _aConstructing ; dalit ; identity
942 _2ddc
_cBK
999 _c174831
_d174831